Connectem les ganes de saber
Descripción Física:
1 ventall ; il. col. ; 25 x 21 cm.
Idioma:
Catalán
MARC
| LEADER | 00000nrm a22000007a 4500 | ||
|---|---|---|---|
| 001 | 27057 | ||
| 003 | Arxiu | ||
| 005 | 20260324181145.0 | ||
| 008 | 221128b spa||||| |||| 00| 0 cat d | ||
| 040 | |a agdb |b cat | ||
| 041 | |a cat | ||
| 245 | |a Connectem les ganes de saber |h [Ventall] | ||
| 260 | |a Barcelona : |b Xarxa de Biblioteques Municipals ; |c [2019] | ||
| 300 | |a 1 ventall ; |b il. col. ; |c 25 x 21 cm. | ||
| 610 | 1 | 0 | |9 52650 |a Barcelona (Catalunya : Província). |b Xarxa de Biblioteques Municipals |
| 655 | 0 | |9 52933 |a Ventalls | |
| 710 | 1 | |9 52650 |a Barcelona (Catalunya : Província). |b Xarxa de Biblioteques Municipals | |
| 942 | |2 udc |c ARXIU |n 1 | ||
| 952 | |0 0 |1 0 |2 udc |4 0 |6 NBM1489 |7 1 |9 64425 |a Arxiu |b Arxiu |d 2022-11-28 |l 0 |o NBM-14-89 |p 27057 |r 2022-11-28 00:00:00 |w 2022-11-28 |y ARXIU | ||
| 952 | |0 0 |1 0 |2 udc |4 0 |6 NBM1620 |7 1 |9 64736 |a Arxiu |b Arxiu |d 2022-12-12 |l 0 |o NBM-16-20 |p 27093 |r 2022-12-12 00:00:00 |w 2022-12-12 |y ARXIU | ||
| 999 | |c 82788 |d 82788 | ||